Cacerías en el alto Himalaya por el Conde de Artaza / (Record no. 111367)

MARC details
000 -LEADER
campo de control de longitud fija 00656nam a2200181 4500
001 - NÚMERO DE CONTROL
campo de control 111367
003 - IDENTIFICADOR DE NÚMERO DE CONTROL
campo de control ES-MaACL
005 - FECHA Y HORA DE LA ÚLTIMA TRANSACCIÓN
campo de control 20230906185305.0
007 - CAMPO FIJO DE DESCRIPCIÓN FÍSICA--INFORMACIÓN GENERAL
campo de control de longitud fija t|
008 - DATOS DE LONGITUD FIJA--INFORMACIÓN GENERAL
campo de control de longitud fija 061121s1959 sp r ||||1| spa d
100 1# - ENTRADA PRINCIPAL--NOMBRE DE PERSONA
Nombre de persona Olivares y Bruguera, Luis
Títulos y otros términos asociados al nombre Conde de Artaza.
9 (RLIN) 86777
245 10 - MENCIÓN DEL TÍTULO
Título Cacerías en el alto Himalaya por el Conde de Artaza /
Mención de responsabilidad, etc. Luis Olivares y Bruguera ; prólogo de Antonio Botín Polanco ; ilustraciones de Juan Giraldez.
260 ## - PUBLICACIÓN, DISTRIBUCIÓN, ETC.
Lugar de publicación, distribución, etc. Madrid :
Nombre del editor, distribuidor, etc. [s.n.],
Fecha de publicación, distribución, etc. 1959 (
Fabricante Gráf. Solana)
300 ## - DESCRIPCIÓN FÍSICA
Extensión 372 p. ;
Dimensiones 28 cm.
700 1# - ENTRADA AGREGADA--NOMBRE PERSONAL
Nombre de persona Botín Polanco, Antonio.
9 (RLIN) 30786
700 1# - ENTRADA AGREGADA--NOMBRE PERSONAL
Nombre de persona Giraldez, Juan.
9 (RLIN) 57190
852 ## - LOCALIZACIÓN
Ubicación ES-MaACL
Número de control de estantería C-16413
Sublocalización o colección R.44482
Holdings
Estatus retirado Estado de pérdida Estado de daño No para préstamo Biblioteca de origen Biblioteca actual Ubicación en estantería Fecha de adquisición Fuente de adquisición Total de préstamos Signatura topográfica completa Código de barras Visto por última vez Precio de reemplazo Tipo de ítem Koha
        Biblioteca del Ateneo de Madrid Biblioteca del Ateneo de Madrid Galería 17/01/2008     C-16413 1116186 23/02/2023 23/02/2023 Libro impreso